000 01207cab a2200181 4500
001 ##L131644
008 051124n2005 000 0 eng u
035 _a(Sirsi) u131644
041 0 _aeng
245 0 0 _aHouse price surveys' roundup
_bOctober 2005
260 _c2005
490 0 _aRICS Website News
_v24 November 2005
520 _aSummarises the most recent housing market and house price surveys with weblinks to the full reports. Includes: "RICS housing market survey Great Britain"; "ODPM house price index"; "ODPM mix-adjusted house price index" tables; "ODPM monthly housing report"; "ODPM quarterly house price focus"; "Land Registry residential property price report"; "HM Revenue and Customs monthly property transactions"; "Registers of Scotland: average residential prices in Scotland"; "Nationwide monthly house price review"; "Halifax (HBOS) house price index"; "Hometrack monthly national survey", and "Rightmove house price index".
590 _aIKA061205
690 _aPROPERTY-RESIDENTIAL PROPERTY-RESIDENTIAL PROPERTY MARKET
856 4 0 _aIuhttp://www.rics.org/RICSWEB/getpage.aspx?p=fKR2LYkapESLNcwo04ncuA
_zView the October roundup free of charge at www.rics.org...
942 _n0
999 _c76218
_d76218